Mathematics for engineers and scientists (Record no. 4431)

000 -LEADER
fixed length control field 00412 a2200169 4500
020 ## - INTERNATIONAL STANDARD BOOK NUMBER
International Standard Book Number 1-58488-488-6
040 ## - CATALOGING SOURCE
Original cataloging agency DLC
Language of cataloging DLC
082 ## - DEWEY DECIMAL CLASSIFICATION NUMBER
Classification number 510
100 1# - MAIN ENTRY--PERSONAL NAME
Personal name Jeffrey, Alan
245 00 - TITLE STATEMENT
Title Mathematics for engineers and scientists
Statement of responsibility, etc. Alan Jeffrey
250 ## - EDITION STATEMENT
Edition statement 6. ed.
260 ## - PUBLICATION, DISTRIBUTION, ETC.
Place of publication, distribution, etc. Boca Raton :
Name of publisher, distributor, etc. Chapman & Hall,
Date of publication, distribution, etc. 2005
300 ## - PHYSICAL DESCRIPTION
Extent 994 s.
650 #7 - SUBJECT ADDED ENTRY--TOPICAL TERM
Topical term or geographic name entry element Matematik
650 #7 - SUBJECT ADDED ENTRY--TOPICAL TERM
Topical term or geographic name entry element Mathematics
942 ## - ADDED ENTRY ELEMENTS (KOHA)
Koha item type Book
Call number prefix 510 JEF
Source of classification or shelving scheme
Holdings
Withdrawn status Lost status Damaged status Not for loan Collection code Permanent Location Current Location Shelving location Date acquired Source of acquisition Cost, normal purchase price Total Checkouts Full call number Barcode Date last seen Price effective from Koha item type
          Central Library (CL) Central Library (CL) General Stacks 03/25/2005 A&J Def Tek Consultant 3839.98   510 JEF SEECS005483 02/06/2020 01/05/2017 Book
          Central Library (CL) Central Library (CL) General Stacks 02/04/2006 Allied Book Company 3350.39   510 JEF SEECS006886 11/14/2012 01/05/2017 Book
          Central Library (CL) Central Library (CL) General Stacks 02/04/2006 Allied Book Company 3350.39   510 JEF SEECS006885 11/14/2012 01/05/2017 Book
© 2023 Central Library, National University of Sciences and Technology. All Rights Reserved.